[Event "IHEM 2000"]
[Site "Hamburg"]
[Date "2000.06.14"]
[Round "5.3"]
[White "Heyken, Enno"]
[Black "Rogozenko, Dorin"]
[Result "0-1"]
[WhiteElo "2331"]
[BlackElo "2562"]
[PlyCount "82"]
[EventDate "2000.06.18"]

1. d4 Nf6 2. Nf3 g6 3. c4 Bg7 4. Nc3 O-O 5. e4 d6 6. Be2 e5 7. d5 a5 8. Bg5 Na6
9. Nd2 Qe8 10. a3 Bd7 11. b3 Kh8 12. O-O Ng8 13. Rb1 f5 14. exf5 gxf5 15. Bh5
Qb8 16. b4 axb4 17. axb4 Nf6 18. Rb3 c5 19. dxc6 bxc6 20. b5 Nc5 21. Rb1 cxb5
22. cxb5 Ra3 23. Bxf6 Bxf6 24. Nd5 Bd8 25. Be2 Rg8 26. Nc4 Rh3 27. f4 Rh6 28.
Bf3 Rg7 29. Rf2 e4 30. Be2 Bh4 31. b6 Bxf2+ 32. Kxf2 Rxh2 33. Bf1 Nd3+ 34. Kg1
Rh1+ 35. Kxh1 Nf2+ 36. Kg1 Nxd1 37. Rxd1 Qc8 38. Rb1 Qc5+ 39. Kh2 Be6 40. b7
Rxb7 41. Rxb7 Bxd5 0-1

[Event "IHEM 2000"]
[Site "Hamburg"]
[Date "2000.06.14"]
[Round "5.5"]
[White "Farago, Ivan"]
[Black "Bach, Matthias"]
[Result "1-0"]
[WhiteElo "2467"]
[BlackElo "2352"]
[PlyCount "80"]
[EventDate "2000.06.18"]

1. d4 d5 2. c4 e6 3. Nf3 c5 4. cxd5 exd5 5. g3 Nc6 6. Bg2 Nf6 7. O-O Be7 8. Nc3
O-O 9. Bg5 c4 10. Ne5 Be6 11. b3 Qa5 12. Nxc6 bxc6 13. Qc2 Rac8 14. bxc4 dxc4
15. Ne4 Qd8 16. Nc5 Bxc5 17. dxc5 Qe7 18. Qc3 Ne4 19. Bxe7 Nxc3 20. Bxf8 Nxe2+
21. Kh1 Kxf8 22. Rfe1 Nc3 23. Rec1 Na4 24. Bf1 c3 25. Be2 Re8 26. Kg1 Bd5 27.
Kf1 Re5 28. Rab1 a5 29. Rb8+ Ke7 30. Ra8 Bxa2 31. Rxa5 Bb3 32. Bd1 Bc4+ 33. Kg2
Nb2 34. Rxc3 Re1 35. Bc2 Bf1+ 36. Kf3 Nc4 37. Ra7+ Kf6 38. g4 Ne5+ 39. Kg3 Be2
40. g5+ Kxg5 1-0

[Event "IHEM 2000"]
[Site "Hamburg"]
[Date "2000.06.14"]
[Round "5.6"]
[White "Reeh, Oliver"]
[Black "Kopylov, Mihail"]
[Result "1/2-1/2"]
[WhiteElo "2399"]
[BlackElo "2428"]
[PlyCount "48"]
[EventDate "2000.06.18"]

1. e4 c5 2. Nf3 d6 3. d4 cxd4 4. Nxd4 Nf6 5. Nc3 a6 6. Bg5 e6 7. f4 Qb6 8. Nb3
Nbd7 9. Qe2 Qc7 10. O-O-O Be7 11. g4 b5 12. a3 Rb8 13. Bh4 b4 14. axb4 Rxb4 15.
Bg2 Nc5 16. Nxc5 Qxc5 17. Be1 Nd7 18. h4 Rb8 19. Rh3 Qb4 20. b3 Qa3+ 21. Kd2
Nc5 22. Ke3 Bb7 23. Kf2 Rc8 24. Kg1 Nd7 1/2-1/2

[Event "IHEM 2000"]
[Site "Hamburg"]
[Date "2000.06.14"]
[Round "5.8"]
[White "Breyther, Ruediger"]
[Black "Yemelin, Vasily"]
[Result "1/2-1/2"]
[WhiteElo "2365"]
[BlackElo "2540"]
[PlyCount "70"]
[EventDate "2000.06.18"]

1. e4 e5 2. Nf3 Nc6 3. Bb5 Nf6 4. Nc3 Bb4 5. O-O O-O 6. d3 d6 7. Bg5 Bxc3 8.
bxc3 Bd7 9. Nd2 h6 10. Bh4 Kh8 11. Bxc6 Bxc6 12. Nc4 g5 13. Bg3 Ng8 14. Ne3 f6
15. h4 Ne7 16. hxg5 hxg5 17. c4 Qe8 18. f3 f5 19. Nxf5 Nxf5 20. exf5 Rxf5 21.
d4 Qg6 22. dxe5 dxe5 23. Qd3 Re8 24. Rfe1 Kh7 25. Re3 g4 26. fxg4 Rg5 27. Rf1
Kg8 28. Qxg6+ Rxg6 29. Rxe5 Rxe5 30. Bxe5 Rxg4 31. Rf2 Rxc4 32. Bxc7 Be4 33.
Bb8 Rxc2 34. Rxc2 Bxc2 35. Bxa7 Kf7 1/2-1/2

[Event "IHEM 2000"]
[Site "Hamburg"]
[Date "2000.06.14"]
[Round "5.10"]
[White "Lindinger, Markus"]
[Black "Buhr, Carl Christian"]
[Result "0-1"]
[WhiteElo "2316"]
[BlackElo "2335"]
[PlyCount "94"]
[EventDate "2000.06.18"]

1. d4 c5 2. d5 Nf6 3. Nc3 e5 4. e4 d6 5. g3 g6 6. Bg2 Bg7 7. Nge2 O-O 8. h3 a6
9. a4 b6 10. Bg5 h6 11. Be3 Kh7 12. Qd2 Ra7 13. O-O Ng8 14. Rab1 Re7 15. Kh2 f5
16. exf5 gxf5 17. f4 e4 18. b4 Nd7 19. Nd1 Ngf6 20. Nf2 Qe8 21. c4 Qh5 22. Kg1
Qg6 23. a5 bxa5 24. bxc5 Nxc5 25. Rb6 Nfd7 26. Rc6 a4 27. Qa5 Rfe8 28. Rb1 Bf8
29. Kh2 Rg7 30. Nh1 Be7 31. Qc7 Nb3 32. Nd4 Ndc5 33. Rb2 Reg8 34. Nxb3 Nxb3 35.
Qb6 Bd7 36. Qxa6 Bxc6 37. Qxc6 Nc5 38. Bxc5 dxc5 39. Qxa4 Bf6 40. Rb6 Rf7 41.
Rc6 Qg7 42. Rxc5 Bd4 43. Rc6 Bf2 44. g4 Be3 45. Qc2 Bxf4+ 46. Kg1 Qd4+ 47. Kf1
Ra8 0-1

[Event "IHEM 2000"]
[Site "Hamburg"]
[Date "2000.06.14"]
[Round "5.11"]
[White "Engelbert, Christoph"]
[Black "Pajeken, Wolfgang"]
[Result "1/2-1/2"]
[WhiteElo "2209"]
[BlackElo "2313"]
[PlyCount "100"]
[EventDate "2000.06.18"]

1. e4 Nf6 2. Nc3 d5 3. e5 Nfd7 4. Nxd5 Nxe5 5. Ne3 Nbc6 6. b3 g6 7. Bb2 Bg7 8.
d4 Nd7 9. Bb5 Ncb8 10. Nf3 c5 11. Qd2 a6 12. Bxd7+ Bxd7 13. O-O-O cxd4 14. Bxd4
Bxd4 15. Qxd4 O-O 16. h4 Qa5 17. Kb1 Bc6 18. Ne5 f6 19. N5c4 Qb4 20. a3 e5 21.
axb4 exd4 22. Rxd4 Bb5 23. Nb6 Nc6 24. Rf4 g5 25. hxg5 fxg5 26. Rg4 Rae8 27. c4
Rxf2 28. Nd1 Rf5 29. cxb5 Rxb5 30. Nc4 Re6 31. Rh3 h6 32. Re3 Rxe3 33. Ndxe3
Rxb4 34. Kc2 Rb5 35. Re4 a5 36. g4 Kh7 37. Kc3 h5 38. gxh5 Kh6 39. Nd6 Rc5+ 40.
Rc4 Rxc4+ 41. Kxc4 Ne5+ 42. Kd4 Nc6+ 43. Kc3 b6 44. Nd5 g4 45. Nxb6 Kxh5 46.
Nd5 g3 47. Ne3 Kg5 48. Nb5 Kf4 49. Kd3 Ne5+ 50. Ke2 Nd7 1/2-1/2

[Event "IHEM 2000"]
[Site "Hamburg"]
[Date "2000.06.14"]
[Round "5.12"]
[White "Berger, Steve"]
[Black "Meier, David Geffrey"]
[Result "1-0"]
[WhiteElo "2286"]
[BlackElo "2079"]
[PlyCount "61"]
[EventDate "2000.06.18"]

1. e4 e6 2. Qe2 c5 3. Nf3 Nc6 4. g3 g6 5. Bg2 Bg7 6. O-O Nge7 7. c3 d6 8. Rd1
O-O 9. h4 Rb8 10. Na3 a6 11. Nc2 b5 12. d4 cxd4 13. Ncxd4 Qc7 14. Be3 Na5 15.
a4 Bd7 16. axb5 axb5 17. Ne1 e5 18. Ndc2 Be6 19. f4 f5 20. Nb4 Bc8 21. fxe5
dxe5 22. Nd5 Nxd5 23. exd5 Bd7 24. d6 Qd8 25. Bg5 Qb6+ 26. Qf2 Nc6 27. Qxb6
Rxb6 28. Bd5+ Kh8 29. Bxc6 Rxc6 30. Ra7 Rf7 31. Be7 1-0

[Event "IHEM 2000"]
[Site "Hamburg"]
[Date "2000.06.14"]
[Round "5.13"]
[White "Trabert, Bettina"]
[Black "Schleicher, Guido"]
[Result "1/2-1/2"]
[WhiteElo "2273"]
[BlackElo "2250"]
[PlyCount "44"]
[EventDate "2000.06.18"]

1. e4 d6 2. d4 Nf6 3. Bd3 e5 4. c3 Nc6 5. Nf3 d5 6. dxe5 dxe4 7. exf6 exd3 8.
fxg7 Bxg7 9. O-O O-O 10. Bg5 Qd6 11. Qa4 Ne5 12. Nbd2 Bd7 13. Qh4 Nxf3+ 14.
Nxf3 Rfe8 15. Bf4 Qg6 16. Bxc7 Re2 17. Rfd1 Rae8 18. Qg3 Qe4 19. h3 Rxb2 20.
Ng5 Qf5 21. Rxd3 h6 22. Rad1 Qxg5 1/2-1/2

[Event "IHEM 2000"]
[Site "Hamburg"]
[Date "2000.06.14"]
[Round "5.14"]
[White "Maahs, Erich"]
[Black "Becker, Norbert"]
[Result "0-1"]
[WhiteElo "2195"]
[BlackElo "2170"]
[PlyCount "80"]
[EventDate "2000.06.18"]

1. e4 c5 2. Bc4 Nc6 3. Nf3 e6 4. O-O d5 5. exd5 exd5 6. Re1+ Be7 7. Bb5 Nf6 8.
Ne5 Qb6 9. Nc3 Be6 10. Qe2 O-O 11. Bxc6 bxc6 12. d3 Bd6 13. Na4 Qb4 14. b3 Qh4
15. Bb2 d4 16. c4 Ng4 17. Nxg4 Bxg4 18. g3 Qh5 19. f3 Bxf3 20. Qf2 Rfe8 21. b4
cxb4 22. Bxd4 Be2 23. Bc5 Bc7 24. Bxb4 Bxd3 25. Rxe8+ Rxe8 26. Re1 Rxe1+ 27.
Qxe1 Qe5 28. Qxe5 Bxe5 29. c5 f5 30. Bc3 Bc7 31. Bd2 Kf7 32. Kf2 Ke6 33. Ke3
Bc2 34. Nc3 g5 35. Kd4 f4 36. Be1 Be5+ 37. Kc4 Kf5 38. Ne2 Ke4 39. gxf4 gxf4
40. Nc3+ Ke3 0-1

[Event "IHEM 2000"]
[Site "Hamburg"]
[Date "2000.06.14"]
[Round "5.15"]
[White "Hegeler, Frank"]
[Black "Laqua, Christian"]
[Result "1/2-1/2"]
[WhiteElo "2347"]
[BlackElo "2246"]
[PlyCount "88"]
[EventDate "2000.06.18"]

1. d4 f5 2. c4 Nf6 3. g3 e6 4. Bg2 d5 5. Nf3 c6 6. O-O Bd6 7. Bf4 Bxf4 8. gxf4
O-O 9. Nbd2 Nbd7 10. Qc2 Ne4 11. b4 Ndf6 12. e3 Nxd2 13. Nxd2 Bd7 14. Nf3 Qe7
15. Ne5 Rfc8 16. c5 Be8 17. a4 a6 18. Rfb1 Bh5 19. Qb2 Ng4 20. Nxg4 Bxg4 21. b5
axb5 22. axb5 Qe8 23. h3 Bh5 {(=)} 24. bxc6 bxc6 25. Rxa8 Rxa8 26. Qb7 Be2 27.
Qc7 Bb5 28. Bf1 Qg6+ 29. Kh2 Ra2 30. Qd8+ Kf7 31. Qh4 Qf6 32. Qxf6+ Kxf6 33.
Bxb5 cxb5 34. Kg3 Ra5 35. Kf3 Ke7 36. Ke2 Kd7 37. Rb2 Kc6 38. Kf3 Ra1 39. Kg3
Rg1+ 40. Kf3 Ra1 41. Kg2 Ra4 42. Kg3 Ra1 43. Kg2 Ra7 44. Kf3 Ra1 1/2-1/2

[Event "IHEM 2000"]
[Site "Hamburg"]
[Date "2000.06.14"]
[Round "6.1"]
[White "Gyimesi, Zoltan"]
[Black "Georgiev, Vladimir"]
[Result "1/2-1/2"]
[WhiteElo "2518"]
[BlackElo "2538"]
[PlyCount "29"]
[EventDate "2000.06.18"]

1. d4 d5 2. c4 c6 3. Nf3 Nf6 4. Nc3 a6 5. a4 e6 6. Bg5 Nbd7 7. e3 Qa5 8. Nd2
Bb4 9. Qc2 c5 10. Nb3 Qc7 11. Bxf6 Nxf6 12. dxc5 dxc4 13. Bxc4 Bxc5 14. Nxc5
Qxc5 15. Be2 1/2-1/2

[Event "IHEM 2000"]
[Site "Hamburg"]
[Date "2000.06.14"]
[Round "6.2"]
[White "Mueller, Karsten"]
[Black "Rogozenko, Dorin"]
[Result "1/2-1/2"]
[WhiteElo "2527"]
[BlackElo "2562"]
[PlyCount "40"]
[EventDate "2000.06.18"]

1. e4 c5 2. Nf3 d6 3. d4 cxd4 4. Nxd4 Nf6 5. Nc3 g6 6. Be3 Bg7 7. f3 Nc6 8. Qd2
O-O 9. O-O-O d5 10. exd5 Nxd5 11. Nxc6 bxc6 12. Bd4 e5 13. Bc5 Be6 14. Ne4 Re8
15. h4 Nf4 16. Qe1 Bd5 17. c4 Qc7 18. g3 Bxe4 19. fxe4 Ne6 20. Bd6 Qb6 {(=)}
1/2-1/2

[Event "IHEM 2000"]
[Site "Hamburg"]
[Date "2000.06.14"]
[Round "6.3"]
[White "Reddmann, Hauke"]
[Black "Farago, Ivan"]
[Result "1/2-1/2"]
[WhiteElo "2356"]
[BlackElo "2467"]
[PlyCount "30"]
[EventDate "2000.06.18"]

1. d4 e6 2. Nf3 Nf6 3. Bf4 c5 4. e3 b6 5. Nc3 cxd4 6. Qxd4 Nc6 7. Qa4 Bb4 8.
Nd2 O-O 9. a3 Bxc3 10. bxc3 Bb7 11. Bd6 Ne7 12. Bd3 Re8 13. e4 Nc8 14. Bg3 Bc6
15. Qd4 d5 {(=)} 1/2-1/2

[Event "IHEM 2000"]
[Site "Hamburg"]
[Date "2000.06.14"]
[Round "6.5"]
[White "Kopylov, Mihail"]
[Black "Heyken, Enno"]
[Result "1-0"]
[WhiteElo "2428"]
[BlackElo "2331"]
[PlyCount "63"]
[EventDate "2000.06.18"]

1. d4 Nf6 2. c4 c5 3. d5 e6 4. Nc3 exd5 5. cxd5 d6 6. Nf3 g6 7. Nd2 Bg7 8. Nc4
O-O 9. Bf4 Ne8 10. Qd2 b6 11. a4 Ba6 12. Nb5 Nd7 13. Ncxd6 Ne5 14. Bxe5 Bxe5
15. Nc4 Bg7 16. e3 Qd7 17. Be2 Rd8 18. O-O Qxd5 19. Qxd5 Rxd5 20. Nxa7 Bxb2 21.
Ra2 Nd6 22. Nxb6 Bxe2 23. Nxd5 Bxf1 24. Kxf1 Ra8 25. Nc6 Nc4 26. Ke2 Be5 27.
Kd3 Nb2+ 28. Kc2 Bg7 29. a5 Ra6 30. Rxb2 Bxb2 31. Kxb2 Kf8 32. Nb6 1-0

[Event "IHEM 2000"]
[Site "Hamburg"]
[Date "2000.06.14"]
[Round "6.6"]
[White "Hochgraefe, Markus"]
[Black "Loeffler, Stefan"]
[Result "1/2-1/2"]
[WhiteElo "2365"]
[BlackElo "2426"]
[PlyCount "70"]
[EventDate "2000.06.18"]

1. c4 e6 2. Nc3 d5 3. d4 Bb4 4. cxd5 exd5 5. Nf3 c6 6. Bg5 Be7 7. Bxe7 Nxe7 8.
e3 Bf5 9. Bd3 O-O 10. O-O a5 11. Na4 Nd7 12. Rc1 Re8 13. a3 Bxd3 14. Qxd3 Nc8
15. Nd2 Nd6 16. Nb3 Re6 17. Nac5 Rh6 18. Nxd7 Qxd7 19. Qe2 Qc7 20. g3 Re8 21.
Nc5 Qc8 22. Qf3 Ne4 23. Nxe4 dxe4 24. Qg2 Rh5 25. Rc2 Qg4 26. Rfc1 Re6 27. Rc5
Rxc5 28. Rxc5 Qe2 29. Qf1 Qxb2 30. Rxa5 h6 31. a4 Qc2 32. Ra8+ Kh7 33. Ra7 Qb3
34. a5 Rd6 35. a6 bxa6 1/2-1/2

[Event "IHEM 2000"]
[Site "Hamburg"]
[Date "2000.06.14"]
[Round "6.7"]
[White "Voigt, Martin"]
[Black "Reeh, Oliver"]
[Result "0-1"]
[WhiteElo "2300"]
[BlackElo "2399"]
[PlyCount "72"]
[EventDate "2000.06.18"]

1. e4 c5 2. Nf3 d6 3. d4 cxd4 4. Nxd4 Nf6 5. Nc3 Nc6 6. Bc4 Bd7 7. O-O g6 8. f4
Qb6 9. Nce2 Bg7 10. Kh1 Nxe4 11. Be3 Qa5 12. c3 O-O 13. b4 Qh5 14. Qd3 d5 15.
Bb3 Nxd4 16. Bxd4 Bg4 17. Bd1 Bxd4 18. Nxd4 Bxd1 19. Raxd1 Rac8 20. Ne2 e6 21.
Qe3 b6 22. Rd4 Nd6 23. Ng3 Nf5 24. Nxf5 Qxf5 25. g4 Qf6 26. f5 exf5 27. gxf5
Rc4 28. Qh3 Rxd4 29. fxg6 Qh4 30. gxf7+ Kh8 31. Qg2 Rg4 32. Qxd5 Rg7 33. c4 Qg5
34. Qe4 Qg6 35. Qd5 Rgxf7 36. Qd4+ Qg7 0-1

[Event "IHEM 2000"]
[Site "Hamburg"]
[Date "2000.06.14"]
[Round "6.9"]
[White "Becker, Norbert"]
[Black "Lanka, Zigurds"]
[Result "0-1"]
[WhiteElo "2170"]
[BlackElo "2503"]
[PlyCount "70"]
[EventDate "2000.06.18"]

1. e4 c5 2. Nf3 Nc6 3. d4 cxd4 4. Nxd4 Nf6 5. Nc3 d6 6. Bc4 e6 7. Be3 Be7 8.
Qe2 a6 9. Bb3 Qc7 10. O-O-O O-O 11. g4 Nxd4 12. Rxd4 Nd7 13. g5 Nc5 14. Kb1 b5
15. f3 Bd7 16. h4 f5 17. exf5 Rxf5 18. Rf4 Rxf4 19. Bxf4 Nxb3 20. axb3 Rf8 21.
Bc1 Qc6 22. Rf1 a5 23. f4 b4 24. Nd1 Ra8 25. Qc4 Qb7 26. f5 Rc8 27. Qe2 e5 28.
Rf2 a4 29. bxa4 b3 30. Qd3 Bxa4 31. c4 Bc6 32. Nc3 Ra8 33. Be3 Qa6 34. Kc1 d5
35. Nxd5 Qa1+ 0-1

[Event "IHEM 2000"]
[Site "Hamburg"]
[Date "2000.06.14"]
[Round "6.11"]
[White "Bach, Matthias"]
[Black "Trabert, Bettina"]
[Result "1-0"]
[WhiteElo "2352"]
[BlackElo "2273"]
[PlyCount "55"]
[EventDate "2000.06.18"]

1. d4 d5 2. c4 e6 3. Nc3 c6 4. e4 dxe4 5. Nxe4 Bb4+ 6. Bd2 Qxd4 7. Bxb4 Qxe4+
8. Be2 Ne7 9. Rc1 Na6 10. Bd6 Qxg2 11. Bf3 Qg5 12. Ne2 Nf5 13. Rc3 Nxd6 14.
Qxd6 Qe7 15. Qe5 f6 16. Qh5+ Qf7 17. Qh4 Bd7 18. b4 Nxb4 19. Rg1 O-O-O 20. Qd4
Be8 21. Qxa7 Qd7 22. Kf1 Na6 23. Rb3 Nb8 24. c5 Bg6 25. Nd4 Rhe8 26. Nxc6 Qd1+
27. Bxd1 Rxd1+ 28. Ke2 1-0

[Event "IHEM 2000"]
[Site "Hamburg"]
[Date "2000.06.14"]
[Round "6.12"]
[White "Schleicher, Guido"]
[Black "Engelbert, Christoph"]
[Result "1/2-1/2"]
[WhiteElo "2250"]
[BlackElo "2209"]
[PlyCount "107"]
[EventDate "2000.06.18"]

1. c4 g6 2. e4 Bg7 3. g3 d6 4. Bg2 Nf6 5. Nc3 O-O 6. Nge2 c5 7. O-O Nc6 8. d3
Ne8 9. Be3 Nc7 10. d4 cxd4 11. Nxd4 Bd7 12. Rc1 Rb8 13. b3 a6 14. Nxc6 Bxc6 15.
Bb6 Qd7 16. Qd2 Na8 17. Be3 Nc7 18. Rfd1 f5 19. c5 fxe4 20. cxd6 Qxd6 21. Qxd6
exd6 22. Nxe4 d5 23. Nc5 Rf7 24. Bf4 Re8 25. Nxb7 Bxb7 26. Rxc7 Rxc7 27. Bxc7
Re7 28. Bb6 d4 29. Bxb7 Rxb7 30. Bc5 Rd7 31. Rd3 Kf7 32. Kf1 Ke6 33. Ke2 Kd5
34. Bb4 Rf7 35. f3 Rc7 36. Kd1 Bh6 37. Bd2 Bxd2 38. Rxd2 Rc3 39. Ke2 Rc1 40.
Rd1 Rc2+ 41. Rd2 Rc1 42. Kf2 Rc3 43. h4 a5 44. Ke2 Re3+ 45. Kf2 Rc3 46. g4 a4
47. bxa4 Ra3 48. h5 {(=)} 48... gxh5 49. gxh5 Rxa4 50. Rc2 Ra6 51. Rc7 Rxa2+
52. Kg3 h6 53. Rd7+ Ke5 54. Re7+ 1/2-1/2

[Event "IHEM 2000"]
[Site "Hamburg"]
[Date "2000.06.14"]
[Round "6.14"]
[White "Langrock, Hannes"]
[Black "Lindinger, Markus"]
[Result "1/2-1/2"]
[WhiteElo "2171"]
[BlackElo "2316"]
[PlyCount "41"]
[EventDate "2000.06.18"]

1. e4 c5 2. d4 cxd4 3. c3 Nf6 4. e5 Nd5 5. Nf3 Nc6 6. Bc4 e6 7. cxd4 d6 8. O-O
Be7 9. Bd2 O-O 10. Nc3 Nxc3 11. Bxc3 dxe5 12. dxe5 b6 13. a3 Bb7 14. Qe2 Qc7
15. Rac1 Rfd8 16. Bd3 Rac8 17. Be4 Qb8 18. Rfd1 Rxd1+ 19. Rxd1 Rd8 20. Rxd8+
Nxd8 21. Nd2 1/2-1/2

[Event "IHEM 2000"]
[Site "Hamburg"]
[Date "2000.06.14"]
[Round "6.15"]
[White "Meier, David Geffrey"]
[Black "Schuetze, Michael"]
[Result "1/2-1/2"]
[WhiteElo "2079"]
[BlackElo "2221"]
[PlyCount "54"]
[EventDate "2000.06.18"]

1. d4 f5 2. c4 Nf6 3. Nf3 g6 4. g3 Bg7 5. Bg2 O-O 6. Nc3 d6 7. O-O Qe8 8. d5 a5
9. Nd4 Na6 10. b3 Bd7 11. Bb2 g5 12. Qd2 Qg6 13. Rad1 Nc5 14. Ncb5 Nfe4 15. Qc2
c6 16. Nc3 Nxc3 17. Bxc3 Ne4 18. Ba1 cxd5 19. cxd5 Rac8 20. Qd3 Rc5 21. f3 Nf6
22. e4 fxe4 23. fxe4 Ng4 24. Rxf8+ Bxf8 25. Nf3 Nf6 26. Bd4 Rc8 27. Ne1 Bg7
1/2-1/2

[Event "IHEM 2000"]
[Site "Hamburg"]
[Date "2000.06.14"]
[Round "6.16"]
[White "Laqua, Christian"]
[Black "Maahs, Erich"]
[Result "1-0"]
[WhiteElo "2246"]
[BlackElo "2195"]
[PlyCount "217"]
[EventDate "2000.06.18"]

1. c4 e5 2. g3 Nf6 3. Bg2 d5 4. cxd5 Nxd5 5. Nc3 Nb6 6. Nf3 Nc6 7. O-O Be7 8.
d3 O-O 9. a3 Be6 10. b4 f6 11. b5 Nd4 12. Nd2 Nd5 13. Bxd5 Bxd5 14. e3 Be6 15.
exd4 Qxd4 16. Nde4 Rfd8 17. Be3 Qxd3 18. Qxd3 Rxd3 19. Rfd1 Rad8 20. Rxd3 Rxd3
21. Rd1 Rxd1+ 22. Nxd1 b6 23. Bc1 Bc4 24. Nec3 Kf7 25. Ne3 Bd3 26. Ned5 Bd6 27.
Nb4 Bc4 28. Be3 Ke6 29. f3 f5 30. Kf2 Be7 31. Ke1 h5 32. Kd2 g5 33. Nc6 f4 34.
gxf4 gxf4 35. Bf2 Bxa3 36. Nxa7 Bb4 37. Bh4 Bd5 38. Bd8 Kd7 39. Bf6 Kd6 40. Nc6
Bxc3+ 41. Kxc3 Ke6 42. Bg7 Bxf3 43. Nxe5 Be2 44. Nd3 Kf5 45. Kd2 Bf1 46. Bh6 h4
47. Nxf4 Bxb5 48. Nd5 Bd7 49. Nxc7 Ke4 50. Kc3 Ke5 51. Bf8 Bc6 52. Kc4 h3 53.
Ba3 Ke4 54. Bd6 Kf5 55. Bg3 Ke4 56. Bf2 Kf3 57. Bd4 Kg2 58. Be5 Kf3 59. Kd4 Bb7
60. Nd5 b5 61. Nc7 Bc6 62. Bg3 Bd7 63. Nd5 Be6 64. Nb4 Bd7 65. Nd3 Be8 66. Bc7
Kg4 67. Nf2+ Kf3 68. Nxh3 Bd7 69. Ng5+ Kg4 70. Ne4 Bc6 71. Bg3 Kf5 72. Nd6+ Kg4
73. Kc5 Bd7 74. Nxb5 Be8 75. Nd6 Bd7 76. Kd4 Bc6 77. Ke3 Ba8 78. Ne4 Bc6 79.
Nf2+ Kf5 80. Bc7 Bb7 81. Bd8 Bc6 82. Nd3 Be8 83. Kf3 Ba4 84. Kg3 Kg6 85. Nf4+
Kh6 86. Kh4 Bd1 87. Be7 Bf3 88. Bf8+ Kh7 89. Kg5 Kg8 90. Bb4 Kh7 91. Nh5 Bd1
92. Bf8 Kg8 93. Bh6 Kf7 94. Ng3 Bf3 95. Nf5 Bg2 96. Ne3 Bh3 97. Ng4 Bf1 98.
Ne5+ Kg8 99. Kg6 Bh3 100. Bg7 Bg2 101. Ng4 Be4+ 102. Kh6 Bf5 103. h3 Kf7 104.
Ne5+ Kg8 105. h4 Bc2 106. Nd7 Bd3 107. Bc3 Bc2 108. Nf6+ Kh8 109. Bb4 1-0

[Event "IHEM 2000"]
[Site "Hamburg"]
[Date "2000.06.16"]
[Round "7.1"]
[White "Georgiev, Vladimir"]
[Black "Mueller, Karsten"]
[Result "1-0"]
[WhiteElo "2538"]
[BlackElo "2527"]
[PlyCount "175"]
[EventDate "2000.06.18"]

1. d4 d5 2. c4 c6 3. e3 Nf6 4. Nc3 a6 5. Bd2 b5 6. cxd5 cxd5 7. Nf3 e6 8. Bd3
Bb7 9. Ne5 Bd6 10. f4 Ne4 11. O-O O-O 12. a4 f6 13. Ng4 f5 14. Ne5 b4 15. Nxe4
fxe4 16. Be2 a5 17. Bb5 Bxe5 18. fxe5 Rxf1+ 19. Qxf1 Nd7 20. Be1 Nf8 21. h4 Rc8
22. Qf4 h6 23. Bg3 Qe7 24. Rf1 Nh7 25. Qg4 Rf8 26. Bf4 g5 27. hxg5 hxg5 28. Rd1
Rc8 29. Bg3 Bc6 30. Rc1 Bd7 31. Rxc8+ Bxc8 32. Qe2 Nf8 33. Qc2 Bb7 34. b3 Kg7
35. Be2 Kg6 36. Be1 Kg7 37. Bg3 Nh7 38. Qd1 Nf8 39. Qf1 Nh7 40. Bh5 Qd7 41. Kh2
Kh6 42. Bg4 Kg7 43. Be1 Bc8 44. Kh3 Qc7 45. Bh5 Kh6 46. Be8 Qe7 47. Qb5 Qc7 48.
Qe2 Kg7 49. Qh5 Kg8 50. Kg4 Qg7 51. Bb5 Qf7 52. Qh6 Bb7 53. Kg3 Bc8 54. Be2 Bd7
55. Bg4 Bc8 56. Bd2 Kh8 57. Qh1 Qc7 58. Bd1 Kg7 59. Qf1 Kh6 60. Kh3 Kg6 61. Qf2
Ba6 62. Bg4 Qc6 63. Kg3 Bd3 64. Qe1 Ba6 65. Qh1 Bc8 66. Bh5+ Kg7 67. Qf1 Qc7
68. Kg4 Kh6 69. Be8 Qe7 70. Qh1+ Kg7 71. Qh5 Kg8 72. Qg6+ Kf8 73. Bb5 Qf7 74.
Kh5 Ke7 75. Kh6 Qxg6+ 76. Kxg6 Nf8+ 77. Kxg5 Kf7 78. Kh6 Ng6 79. Be1 Ne7 80. g4
Ng6 81. Be8+ Kxe8 82. Kxg6 Ba6 83. g5 Be2 84. Kh7 Bg4 85. g6 Bf5 86. Kg7 Ke7
87. Bh4+ Ke8 88. Bg5 1-0

[Event "IHEM 2000"]
[Site "Hamburg"]
[Date "2000.06.16"]
[Round "7.3"]
[White "Buhr, Carl-Christian"]
[Black "Gyimesi, Zoltan"]
[Result "1/2-1/2"]
[WhiteElo "2335"]
[BlackElo "2518"]
[PlyCount "53"]
[EventDate "2000.06.18"]

1. c4 e5 2. Nc3 Bb4 3. Nd5 a5 4. Nxb4 axb4 5. b3 c5 6. Bb2 Nc6 7. Nf3 d6 8. d3
Bg4 9. e3 Bxf3 10. Qxf3 Nge7 11. g3 Ra5 12. Bg2 O-O 13. O-O Qa8 14. d4 Rxa2 15.
dxe5 dxe5 16. Qe2 Rd8 17. Qc2 Rxa1 18. Rxa1 Qc8 19. Rd1 Rxd1+ 20. Qxd1 b6 21.
Qd6 f6 22. Bd5+ Kh8 23. f4 Qd8 24. Qe6 Qe8 25. Qd6 Qd8 26. Qe6 Qe8 27. Qd6 {(=)
} 1/2-1/2

[Event "IHEM 2000"]
[Site "Hamburg"]
[Date "2000.06.16"]
[Round "7.4"]
[White "Farago, Ivan"]
[Black "Kopylov, Michael"]
[Result "1/2-1/2"]
[WhiteElo "2467"]
[BlackElo "2428"]
[PlyCount "28"]
[EventDate "2000.06.18"]

1. d4 f5 2. g3 Nf6 3. Bg2 g6 4. Nf3 Bg7 5. O-O O-O 6. c4 d6 7. Nc3 Qe8 8. Re1
Qf7 9. Qd3 h6 10. b3 Nc6 11. Ba3 a5 12. Nb5 Ne8 13. Bb2 g5 14. Qd2 e5 {(=)}
1/2-1/2

[Event "IHEM 2000"]
[Site "Hamburg"]
[Date "2000.06.16"]
[Round "7.5"]
[White "Reeh, Oliver"]
[Black "Yemelin, Vasily"]
[Result "0-1"]
[WhiteElo "2399"]
[BlackElo "2540"]
[PlyCount "58"]
[EventDate "2000.06.18"]

1. e4 e5 2. Bc4 Nf6 3. d3 Nc6 4. Nf3 Be7 5. O-O O-O 6. Re1 d6 7. c3 Na5 8. Bb5
a6 9. Ba4 b5 10. Bc2 c5 11. Nbd2 Re8 12. Nf1 Bb7 13. Ng3 Bf8 14. b4 Nc6 15. Bb3
cxb4 16. Ng5 Re7 17. Nh5 Ne8 18. Re3 Qd7 19. Ng3 g6 20. Nf5 gxf5 21. exf5 Bg7
22. Rg3 Na5 23. Ne4 Nxb3 24. Rxg7+ Kxg7 25. f6+ Nxf6 26. Nxf6 Kxf6 27. Qh5 Qf5
28. Qh4+ Ke6 29. axb3 Rg8 0-1

[Event "IHEM 2000"]
[Site "Hamburg"]
[Date "2000.06.16"]
[Round "7.6"]
[White "Lanka, Zigurds"]
[Black "Hochgraefe, Markus"]
[Result "1-0"]
[WhiteElo "2503"]
[BlackElo "2365"]
[PlyCount "81"]
[EventDate "2000.06.18"]

1. e4 e6 2. d4 d5 3. Nc3 Bb4 4. e5 Ne7 5. a3 Bxc3+ 6. bxc3 c5 7. Nf3 b6 8. Bb5+
Bd7 9. Bd3 Ba4 10. Bf4 Nbc6 11. h4 h6 12. h5 c4 13. Be2 Kd7 14. Nd2 Qg8 15. Bg4
Qh7 16. Rc1 Kc7 17. O-O Kb7 18. Re1 Rae8 19. Bh3 Nb8 20. Nf1 Na6 21. Ne3 Nc7
22. Bg3 Rhf8 23. Bh4 Nb5 24. Qd2 Nxa3 25. f4 Bc6 {(=)} 26. Bxe7 Rxe7 27. f5 Nb5
28. Rf1 exf5 29. Nxf5 Ree8 30. Rf3 g5 31. Rcf1 a5 32. Ne3 Nc7 33. Rf6 a4 34.
Nf5 Ra8 35. Rxh6 Qg8 36. Ne7 Qg7 37. Rxc6 g4 38. h6 Qh8 39. Bxg4 Rfe8 40. Rb1
Rxe7 41. Rcxb6+ 1-0

[Event "IHEM 2000"]
[Site "Hamburg"]
[Date "2000.06.16"]
[Round "7.7"]
[White "Loeffler, Stefan"]
[Black "Bach, Matthias"]
[Result "1-0"]
[WhiteElo "2426"]
[BlackElo "2352"]
[PlyCount "76"]
[EventDate "2000.06.18"]

1. d4 Nf6 2. Nf3 c5 3. d5 g6 4. Nc3 Bg7 5. e4 d6 6. Bb5+ Nbd7 7. a4 O-O 8. O-O
a6 9. Be2 Qc7 10. Bf4 Ne5 11. Nxe5 dxe5 12. Bg3 Bh6 13. a5 Bd7 14. Bh4 Bg7 15.
Bc4 b5 16. axb6 Qxb6 17. Qd3 Nh5 18. Bxe7 Nf4 19. Qf3 Rfb8 20. b3 h5 21. Qe3
Rc8 22. g3 Nh3+ 23. Kg2 Kh7 24. d6 f5 25. exf5 Bxf5 26. Bd5 Rf8 27. Ne4 Qa7 28.
Ra5 Bh6 29. Qe2 Rac8 30. Rxa6 Qd7 31. Rb6 Nf4+ 32. gxf4 Bh3+ 33. Kh1 Rxf4 34.
Rb7 Qf5 35. Bf6+ Bg7 36. Bxg7 Rxe4 37. Bxe4 Bxf1 38. Qe3 Qf4 1-0

[Event "IHEM 2000"]
[Site "Hamburg"]
[Date "2000.06.16"]
[Round "7.8"]
[White "Hector, Johnny"]
[Black "Rausis, Igors"]
[Result "1-0"]
[WhiteElo "2515"]
[BlackElo "2486"]
[PlyCount "59"]
[EventDate "2000.06.18"]

1. e4 c6 2. Nc3 d5 3. d4 dxe4 4. Nxe4 Bf5 5. Ng3 Bg6 6. h4 h6 7. Nf3 Nf6 8. Ne5
Bh7 9. Bd3 Bxd3 10. Qxd3 Nbd7 11. f4 e6 12. Bd2 c5 13. O-O-O cxd4 14. Ng6 Rg8
15. Nxf8 Nxf8 16. Bb4 Qb6 17. Qc4 Nd5 18. Bc5 Qc7 19. Rxd4 Nd7 20. Rxd5 exd5
21. Qe2+ Kd8 22. Qe7+ Kc8 23. Bd6 Qd8 24. Qxf7 Nf6 25. Nf5 Qd7 26. Qg6 Qe6 27.
Be5 b6 28. Rh3 d4 29. Nxd4 Qg4 30. Rc3+ 1-0